| 000 | 01207cam a22003617a 4500 | ||
|---|---|---|---|
| 003 | CHAP | ||
| 005 | 20220329142758.0 | ||
| 008 | 030908d1997 mx r 00110 spa d | ||
| 010 | _a87670 | ||
| 011 | _a88642 | ||
| 020 | _a968665500X | ||
| 035 | _a99187 | ||
| 040 | _cCHAP | ||
| 082 | 0 | 4 |
_a301.27265 _bK7 |
| 100 | 0 | 0 |
_aKrotz, Esteban. _963972 |
| 245 | 1 | 0 |
_aAspectos de la cultura jurídica en Yucatán _c/ coord. por Esteban Krotz |
| 260 |
_aMérida, Yuc. : _bConsejo Nacional para la Cultura y las Artes, _c1997. |
||
| 300 | _a270 p. | ||
| 590 |
_aBATCH-UPD _b10 _c20130110 _lUCH01 _h0024 |
||
| 590 |
_aBATCH-UPD _b10 _c20130110 _lUCH01 _h0733 |
||
| 590 |
_aBATCH-UPD _b10 _c20130110 _lUCH01 _h2347 |
||
| 590 |
_aBATCH-UPD _b10 _c20130409 _lUCH01 _h2005 |
||
| 590 |
_aBATCH-UPD _b10 _c20130410 _lUCH01 _h0416 |
||
| 590 |
_aBATCH-UPD _b10 _c20130914 _lUCH01 _h1710 |
||
| 590 |
_aCONVERSION _b10 _c20130109 _lUCH01 _h1349 |
||
| 650 | 1 | 4 |
_aYucatán _xCondiciones sociales. _9123317 |
| 650 | 1 | 4 |
_aYucatán _xCultura. _9123319 |
| 650 | 1 | 4 |
_aYucatán _xLeyes. _9123326 |
| 901 | _aBK | ||
| 905 | _aAlejandra Carrasco M. | ||
| 942 | _cLIBRO | ||
| 949 |
_a301.27265 K7 _bBC _cLIBRO _d33724000898326 _eLIBRO _h103948 _i99187 _sb |
||
| 999 |
_c87670 _d87670 |
||